| 000 | 00553nam a22001577a 4500 | ||
|---|---|---|---|
| 003 | OSt | ||
| 005 | 20151102152951.0 | ||
| 008 | 151102b xxu||||| |||| 00| 0 eng d | ||
| 040 | _cRUA | ||
| 082 | _aFOR ឃី 1995 B120 Or.1 | ||
| 100 |
_93200 _aឃី ឧត្តរ៉ោ |
||
| 245 | _aវិភាគទានអំពីសត្វស្លាបតំបន់ដីសើមបឹងទន្លេសាប ខេត្តកំពង់ឆ្នាំង | ||
| 260 |
_aPhnom Penh _bRUA _c1995 |
||
| 300 |
_a64p. _bill. _c29cm. |
||
| 942 |
_2ddc _cFOR |
||
| 999 |
_c2987 _d2987 |
||